header

Research methods for public administrators (Record no. 7759)

MARC details
000 -LEADER
fixed length control field 01149nam a22002894a 4500
001 - CONTROL NUMBER
control field ebr10023335
003 - CONTROL NUMBER IDENTIFIER
control field CaPaEBR
006 - FIXED-LENGTH DATA ELEMENTS--ADDITIONAL MATERIAL CHARACTERISTICS--GENERAL INFORMATION
fixed length control field m u
007 - PHYSICAL DESCRIPTION FIXED FIELD--GENERAL INFORMATION
fixed length control field cr cn|||||||||
008 - FIXED-LENGTH DATA ELEMENTS--GENERAL INFORMATION
fixed length control field 011205s2002 ctua sb 001 0 eng
010 ## - LIBRARY OF CONGRESS CONTROL NUMBER
Canceled/invalid LC control number 2001058932
020 ## - INTERNATIONAL STANDARD BOOK NUMBER
Cancelled/invalid ISBN 156720449X (alk. paper)
040 ## - CATALOGING SOURCE
Original cataloging agency CaPaEBR
Transcribing agency CaPaEBR
035 ## - SYSTEM CONTROL NUMBER
System control number (OCoLC)52751777
050 14 - LIBRARY OF CONGRESS CALL NUMBER
Classification number JF1338.A2
Item number J64 2002eb
082 04 - DEWEY DECIMAL CLASSIFICATION NUMBER
Classification number 351/.07/2
Edition number 21
100 1# - MAIN ENTRY--PERSONAL NAME
Personal name Johnson, Gail,
Dates associated with a name 1947-
245 10 - TITLE STATEMENT
Title Research methods for public administrators
Medium [electronic resource] /
Statement of responsibility, etc Gail Johnson.
260 ## - PUBLICATION, DISTRIBUTION, ETC. (IMPRINT)
Place of publication, distribution, etc Westport, CT :
Name of publisher, distributor, etc Quorum Books,
Date of publication, distribution, etc c2002.
300 ## - PHYSICAL DESCRIPTION
Extent xii, 267 p. :
Other physical details ill.
504 ## - BIBLIOGRAPHY, ETC. NOTE
Bibliography, etc Includes bibliographical references (p. [259]-260) and index.
533 ## - REPRODUCTION NOTE
Type of reproduction Electronic reproduction.
Place of reproduction Palo Alto, Calif. :
Agency responsible for reproduction ebrary,
Date of reproduction 2013.
Note about reproduction Available via World Wide Web.
-- Access may be limited to ebrary affiliated libraries.
650 #0 - SUBJECT ADDED ENTRY--TOPICAL TERM
Topical term or geographic name as entry element Public administration
General subdivision Research
-- Methodology.
655 #7 - INDEX TERM--GENRE/FORM
Genre/form data or focus term Electronic books.
Source of term local
710 2# - ADDED ENTRY--CORPORATE NAME
Corporate name or jurisdiction name as entry element ebrary, Inc.
856 40 - ELECTRONIC LOCATION AND ACCESS
Uniform Resource Identifier <a href="http://site.ebrary.com/lib/rucke/Doc?id=10023335">http://site.ebrary.com/lib/rucke/Doc?id=10023335</a>
Public note An electronic book accessible through the World Wide Web; click to view

No items available.

© 2026 Rongo University
Contact us: librarian | system librarian | Rongo university